Phương pháp phần tử hữu hạn và các ứng dụng trong tính toán kỹ thuật

Cuốn sách là tài liệu học tập và tham khảo cho sinh viên, học sinh cao học các ngành Cơ học ứng dụng nói chung và ngành Xây dựng cơ bản nói riêng. Cung cấp những kiến thức cơ bản về phương pháp phần tử hữu hạn, phương pháp Dải hữu hạn và...

ver descrição completa

Na minha lista:
Detalhes bibliográficos
Autor principal: Nguyễn, Trâm
Formato: Livro
Idioma:Undetermined
Publicado em: Hà Nội Xây dựng 2013
Assuntos:
Tags: Adicionar Tag
Sem tags, seja o primeiro a adicionar uma tag!
Thư viện lưu trữ: Trung tâm Học liệu Trường Đại học Cần Thơ
LEADER 01178nam a2200217Ia 4500
001 CTU_227333
008 210402s9999 xx 000 0 und d
020 |c 113000 
082 |a 690.21 
082 |b Tr120 
100 |a Nguyễn, Trâm 
245 0 |a Phương pháp phần tử hữu hạn và các ứng dụng trong tính toán kỹ thuật 
245 0 |c Nguyễn Trâm, Trần Quốc Ca 
260 |a Hà Nội 
260 |b Xây dựng 
260 |c 2013 
520 |a Cuốn sách là tài liệu học tập và tham khảo cho sinh viên, học sinh cao học các ngành Cơ học ứng dụng nói chung và ngành Xây dựng cơ bản nói riêng. Cung cấp những kiến thức cơ bản về phương pháp phần tử hữu hạn, phương pháp Dải hữu hạn và các ứng dụng phương pháp phần tử hữu hạn vào việc phân tích vật liệu Composite... 
650 |a Xây dựng,Buildings 
650 |x Cơ kỹ thuật,Mechanical engineering 
910 |b nthai 
980 |a Trung tâm Học liệu Trường Đại học Cần Thơ